000 00412nam a2200181Ia 4500
005 20240617110721.0
008 240331s9999 xx 000 0 und d
082 _bGAN
_a891.48
100 _aGanesalingan, S
245 0 _aPorkolam
250 _a3rd
260 _aChennai
_bKumaran Publishers
_c1969
300 _a223 p .,
650 _aGender
650 _arules & Laws
650 _aDomination
942 _cL
999 _c3918
_d3918